01257naa a22003137a 4500001001000000003000900010005001700019007000300036008003400039040005400073041000900127072001900136090001800155100002000173100002300193111009000216245005200306260004200358500013900400650000900539650001300548650001800561650001000579773013600589909003600725942001400761999001900775952014900794BR9605507BR-BrBNA20240918181658.0ta230509b bl.||||| |||| 00| 0 por d aBR-BrBNAbporcBiblioteca Nacional de Agricultura a(Pt) aF30; F01b2120 aF30 BR96055071 aPereira, J.B.D.1 aAraujo Neto, K. de1 a12. Congresso Brasileiro de Pesquisas CafeeirascCaxambu, MG (Brazil)d28-31 Oct 19851 aOscilacao de produtividade de genotipos de cafe3 aRio de Janeiro, RJ (Brasil): c1985.  a12. Congresso Brasileiro de Pesquisas Cafeeiras. Trabalhos apresentados Rio de Janeiro, RJ (Brasil): 1985. p. 74-75 (BR9605507-AM)F30  aCafe aGenotipo aProdutividade aClone0 t12. Congresso Brasileiro de Pesquisas Cafeeiras. Trabalhos apresentadoswF30 BR9605507gRio de Janeiro, RJ (Brasil), 1985. p. 74-75 a202404bLuciac55dLucia Elande cAM2AGRIS c326382d326382 002AGRIS40708Acervo Gerala41918b41918cAgrobasel0o2120 BR9605614r2024-05-20t01yAM10d2024-04-11ePortaria Interministerial nÂș 164/94